|
|
|
|
| LEADER |
02083nam a2200553 i 4500 |
| 001 |
nkc20213367780 |
| 003 |
CZ PrNK |
| 005 |
20220725084436.0 |
| 007 |
ta |
| 008 |
211020s2021 xr a e f 000 0 cze |
| 015 |
|
|
|a cnb003367780
|
| 020 |
|
|
|a 978-80-87416-34-1
|q (brožováno)
|z 978-80-87416-64-1
|
| 035 |
|
|
|a (OCoLC)1357138860
|
| 040 |
|
|
|a BOA001
|b cze
|e rda
|
| 043 |
|
|
|a e-xr---
|b e-xr-cc
|2 czenas
|
| 072 |
|
7 |
|a 674
|x Dřevo. Dřevařský průmysl
|2 Konspekt
|9 19
|
| 080 |
|
|
|a 674.02
|2 MRF
|
| 080 |
|
|
|a 674.5
|2 MRF
|
| 080 |
|
|
|a 334.712
|2 MRF
|
| 080 |
|
|
|a 39
|2 MRF
|
| 080 |
|
|
|a (437.31-17)
|2 MRF
|
| 080 |
|
|
|a (036)
|2 MRF
|
| 100 |
1 |
|
|a Jakouběová, Vladimíra,
|d 1956-
|7 xx0000172
|4 aut
|
| 245 |
1 |
0 |
|a Z jednoho kmene :
|b tradiční zpracování dřeva v Pojizeří /
|c text: Vladimíra Jakouběová
|
| 264 |
|
1 |
|a Turnov :
|b Muzeum Českého ráje v Turnově,
|c 2021
|
| 300 |
|
|
|a 26 stran :
|b ilustrace (některé barevné) ;
|c 21 cm
|
| 336 |
|
|
|a text
|b txt
|2 rdacontent
|
| 337 |
|
|
|a bez média
|b n
|2 rdamedia
|
| 338 |
|
|
|a svazek
|b nc
|2 rdacarrier
|
| 500 |
|
|
|a Název z obálky
|
| 500 |
|
|
|a Podnázev v tiráži: průvodce k výstavě Z jednoho kmene
|
| 504 |
|
|
|a Obsahuje bibliografii
|
| 650 |
0 |
7 |
|a zpracování dřeva
|7 ph135488
|z Česko
|2 czenas
|
| 650 |
0 |
7 |
|a dřevěné výrobky
|7 ph119754
|z Česko
|2 czenas
|
| 650 |
0 |
7 |
|a řemeslná výroba
|7 ph128289
|z Česko
|2 czenas
|
| 650 |
0 |
9 |
|a wood processing
|z Czechia
|2 eczenas
|
| 650 |
0 |
9 |
|a wood products
|z Czechia
|2 eczenas
|
| 650 |
0 |
9 |
|a handicraft production
|z Czechia
|2 eczenas
|
| 651 |
|
7 |
|a Pojizeří (Česko)
|7 ge137863
|2 czenas
|
| 651 |
|
7 |
|a Pojizeří (Česko)
|7 ge137863
|x etnografie
|2 czenas
|
| 651 |
|
9 |
|a Pojizeří Region (Czechia)
|2 eczenas
|
| 651 |
|
9 |
|a Pojizeří Region (Czechia)
|x etnography
|2 eczenas
|
| 655 |
|
7 |
|a informační publikace
|7 fd132454
|2 czenas
|
| 655 |
|
9 |
|a information publications
|2 eczenas
|
| 910 |
2 |
|
|a BOA001
|b 2-1489.939
|
| 990 |
|
|
|a BK
|
| 995 |
|
|
|a 01
|
| 991 |
|
|
|b 202207
|c NOV
|
| 996 |
6 |
|
|b 2610907402
|c 2-1489.939
|l MZK
|r Sklad / do 1 hodiny
|n 0
|p p.v.
|w 001891786
|u 000010
|a 1
|e BOA001
|j MZK50
|s P
|